000
00329nam a2200133Ia 4500
008
250527s9999 xx 000 0 und d
082
_a
891.4391 AMR
100
_a
Amrohvi, Khurshid Khawar
245
0
_a
Tarseel e Musarrat
260
_a
karachi:
_b
Ahmed Brother,
_c
1986
300
_a
208p.
600
_a
Literature
942
_c
GB
999
_c
31289
_d
31289